000 00516nam a22001571 4500
082 _a534
_bWOO
_cL-6,P-5
100 1 _aWood, Alexander,
_940013
245 0 0 _aAcoustics.
260 _aNew York,
_bDover Publications
_c[1966]
300 _axiv, 594 p.
_billus.
_c22 cm.
500 _a"Unabridged and unaltered republication of the second (1960) edition of the work originally published ... in 1940."
526 _a0
_b0
_c0
_d534_000000000000000_WOO
650 0 _aMCE
_9379
650 0 _aSound.
_926890
942 _2ddc
_cBK
999 _c544391
_d544391